000 00742nas a2200265 4500
001 BR9605084
003 BR-BrBNA
005 20231205094906.0
007 ta
008 230509b bl.|||p| |||| 00| 00por d
040 _aBR-BrBNA
_bpor
_cBiblioteca Nacional de Agricultura
041 _a(Pt)
072 _aL10
100 1 _aJardim, A.M.
100 1 _aCosta, D.
245 1 _aSistema um ano acelera ganhos no projeto do Nucleo Delta G
650 _aGado Polled-Angus
650 _aGado Hereford
650 _aGado Zebu
650 _aMelhoramento Genetico Animal
650 _aRio Grande do Sul
773 0 _tDBO Rural (Brazil)
_x
_g(1993), p. 52-54
_wBR9605084
909 _a202311
_bLúcia
_c55
_dLúcia Elande
942 _2AGRIS
_n0
_cANA
999 _c147577
_d147577